LEADER 01406nam0-2200433---450- 001 990000804340203316 005 20091202131945.0 010 $a88-14-06518-7 035 $a0080434 035 $aUSA010080434 035 $a(ALEPH)000080434USA01 035 $a0080434 100 $a20011210d1997----y0itay0103 ba 101 $aita 102 $aIT 105 $a00||| 200 1 $a<> contabilità dei professionisti$ei regimi e le opzioni, la partita doppia, i criteri per la contabilità inattendibile$fCarlo Oneto 210 $aMilano$cGiuffrè$d[1997] 215 $aIX, 156 p.$d24 cm 225 2 $aCosa & come$iTributi 300 $aSul dorso: 1997 410 0$12001$aCosa & come$iTributi 606 $aStudi professionali$xContabilità 676 $a657.834 700 1$aONETO,$bCarlo$021540 801 0$aIT$bsalbc$gISBD 912 $a990000804340203316 951 $aXXX.B. Coll. 13/ 278 (IRA 40/177)$b14417 G.$cXXX.B. Coll. 13/ (IRA 40)$d00121440 959 $aBK 969 $aGIU 979 $aPATTY$b90$c20011210$lUSA01$h1538 979 $aPATTY$b90$c20011210$lUSA01$h1541 979 $c20020403$lUSA01$h1727 979 $aPATRY$b90$c20040406$lUSA01$h1655 979 $aPAOLA$b90$c20040715$lUSA01$h1102 979 $aPAOLA$b90$c20040715$lUSA01$h1102 979 $aRSIAV1$b90$c20091202$lUSA01$h1319 996 $aContabilità dei professionisti$9966568 997 $aUNISA LEADER 00863cam0 2200265 450 001 E600200065382 005 20100702063916.0 100 $a20100702dS.D. |||||ita|0103 ba 101 $aita 102 $aIT 200 1 $aIus singulare$fGeneroso Melillo 210 $aTorino$cUnione Tipografico-Editrice Torinese$d[s.d.] 215 $a6 p.$d30 cm 300 $a(mm) 300 $aEstr. da: Novissimo digesto italiano 700 1$aMelillo$b, Generoso$3AF00019731$4070$0200830 801 0$aIT$bUNISOB$c20100702$gRICA 850 $aUNISOB 852 $aUNISOB$jFondo|Casavola|Opusc$m149309 912 $aE600200065382 940 $aM 102 Monografia moderna SBN 941 $aM 957 $b923$gSi$d149309$hCasavola$rdono$1menle$2UNISOB$3UNISOB$420100702063919.0$520100702064008.0$6menle$aFondo|Casavola|Opusc 996 $aIus singulare$91701894 997 $aUNISOB